Science and Research Building (Record no. 8033)

000 -LEADER
fixed length control field 00322nam a22001337a 4500
003 - CONTROL NUMBER IDENTIFIER
control field OSt
005 - DATE AND TIME OF LATEST TRANSACTION
control field 20200619155120.0
008 - FIXED-LENGTH DATA ELEMENTS--GENERAL INFORMATION
fixed length control field 200619b ||||| |||| 00| 0 eng d
020 ## - INTERNATIONAL STANDARD BOOK NUMBER
International Standard Book Number 9787561177679
082 ## - DEWEY DECIMAL CLASSIFICATION NUMBER
Classification number 372
245 ## - TITLE STATEMENT
Title Science and Research Building
260 ## - PUBLICATION, DISTRIBUTION, ETC. (IMPRINT)
Name of publisher, distributor, etc Dalian University of Technology Press
942 ## - ADDED ENTRY ELEMENTS (KOHA)
Source of classification or shelving scheme
Holdings
Withdrawn status Lost status Source of classification or shelving scheme Damaged status Koha normalized classification for sorting Not for loan Permanent location Current location Date acquired Full call number Barcode Date last seen Price effective from Koha item type
        372_000000000000000   BMS College of Architecture, Design and Planning BMS College of Architecture, Design and Planning 2020-06-19 372 AR-UG1679 2020-06-19 2020-06-19 UG Books
Copyright © 2025, The Librarian, Library and Information Centre, BMSCA D&P, Bengaluru. All Rights Reserved
web counter

Powered by Koha